Statistics for Top 10 Stuttgart Starting XI

Click here to take the quiz!

General Stats

  • This quiz has been taken 68 times
    (8 since last reset)
  • The average score is 22 of 75

Answer Stats

SeasonPlayer% Correct
2023-24Deniz Undav
100%
2023-24Alexander Nübel
88%
2023-24Chris Führich
88%
2023-24Hiroki Ito
88%
2006-07, 2008-09Mario Gómez
88%
2023-24Maximilian Mittelstädt
88%
2023-24Serhou Guirassy
88%
2023-24Waldemar Anton
88%
2002-03, 2003-04, 2004-05, 2009-10Alexander Hleb
75%
2023-24Angelo Stiller
63%
2004-05, 2006-07, 2008-09, 2009-10, 2011-12Cacau
63%
2023-24Enzo Millot
63%
2008-09, 2009-10Sami Khedira
63%
2006-07, 2008-09Thomas Hitzlsperger
63%
2023-24Atakan Karazor
50%
1996-97Fredi Bobic
50%
2006-07, 2008-09, 2009-10Matthieu Delpierre
50%
2006-07, 2008-09, 2009-10, 2011-12Serdar Tasci
50%
1996-97Giovane Élber
38%
2023-24Jamie Leweling
38%
2002-03, 2003-04, 2004-05Kevin Kurányi
38%
1996-97, 2002-03Krasimir Balakov
38%
2006-07, 2008-09Ludovic Magnin
38%
2006-07Pável Pardo
38%
2006-07, 2008-09Roberto Hilbert
38%
2011-12Shinji Okazaki
38%
2002-03, 2003-04, 2004-05, 2006-07Timo Hildebrand
38%
2011-12Zdravko Kuzmanović
38%
2002-03, 2003-04, 2004-05Andreas Hinkel
25%
2009-10Christian Träsch
25%
2009-10Ciprian Marica
25%
2011-12Cristian Molinaro
25%
2002-03, 2003-04Fernando Meira
25%
1991-92Guido Buchwald
25%
1991-92Günther Schäfer
25%
2008-09, 2009-10Jens Lehmann
25%
2002-03, 2003-04Marcelo Bordon
25%
2011-12Martin Harnik
25%
2009-10Pavel Pogrebnyak
25%
2003-04, 2004-05Philipp Lahm
25%
2006-07, 2008-09Ricardo Osorio
25%
2011-12Tamás Hajnal
25%
1996-97Thomas Berthold
25%
1996-97, 2002-03, 2003-04, 2004-05Zvonimir Soldo
25%
2006-07Antônio da Silva
13%
1996-97Frank Verlaat
13%
1991-92Fritz Walter
13%
2003-04Imre Szabics
13%
2002-03Ioannis Amanatidis
13%
2011-12Khalid Boulahrouz
13%
1991-92Matthias Sammer
13%
2002-03, 2003-04, 2004-05Silvio Meißner
13%
2011-12Sven Ulreich
13%
1996-97Thorsten Legat
13%
2009-10Timo Gebhart
13%
2011-12William Kvist
13%
1991-92Andreas Buck
0%
2004-05Christian Tiffert
0%
1991-92Eike Immel
0%
1991-92Eyjólfur Sverrisson
0%
2011-12Francisco Javier Rodríguez
0%
1996-97Franz Wohlfahrt
0%
1996-97Gerhard Poschner
0%
2002-03Heiko Gerber
0%
2003-04Horst Heldt
0%
2004-05Markus Babbel
0%
2008-09Martin Lanig
0%
2004-05Martin Stranzl
0%
1996-97Matthias Hagner
0%
1991-92Maurizio Gaudino
0%
1991-92Michael Frontzeck
0%
1991-92Slobodan Dubajić
0%
2009-10Stefano Celozzi
0%
1996-97Thomas Schneider
0%
1991-92Uwe Schneider
0%

Score Distribution

Percentile by Number Answered

Percent of People with Each Score

Your Score History

You have not taken this quiz since the last reset